Loading...
Essay writing made easy
| Main Author: | |
|---|---|
| Format: | Printed Book |
| Published: |
Viva Books Pvt. Ltd., New Delhi
2003
|
| Subjects: |
| LEADER | 00488nam a2200157 4500 | ||
|---|---|---|---|
| 082 | |a 421 MCL-E | ||
| 100 | |a Mclaren, Stephen | ||
| 245 | |a Essay writing made easy |c Mclaren, Stephen | ||
| 250 | |||
| 260 | |a Viva Books Pvt. Ltd., New Delhi |c 2003 | ||
| 300 | |a 153 p | ||
| 490 | |||
| 650 | |a Written & spoken English--Communicative English | ||
| 942 | |c BK | ||
| 999 | |c 126605 |d 126605 | ||
| 952 | |0 0 |1 0 |4 0 |6 421_000000000000000_MCLE |7 0 |9 140067 |a COM |b COM |l 0 |o 421 MCL-E |p COM03089 |r 2019-10-24 |w 2019-10-24 |y BK | ||